Statistiques concernant Joueurs de foot FC24 - FIFA24 #2

Cliquez ici pour prendre le quiz!

Statistiques générales

  • Ce quiz a été pris 143 fois
  • Le résultat moyen est 15 sur 16

Statistiques - réponses

Réponse% Correct
Pepe
100%
Di Maria
98%
Leao
98%
Neuer
97%
Dembele
96%
Depay
95%
Courtois
94%
Kroos
94%
Donnarumma
93%
Grealish
93%
Hernandez
92%
Aubameyang
91%
Thiago Silva
91%
Hummels
86%
Simons
86%
Osimhen
81%

Distribution des résultats

Percentile par nombre de réponses

% des personnes avec chaque résultat

Votre développement - résultats

Vous n’avez pas pris ce quiz